| 000 | 00777nam a2200181 4500 | ||
|---|---|---|---|
| 999 |
_c60222 _d60222 |
||
| 003 | Ge_BSU | ||
| 005 | 20230620134132.0 | ||
| 008 | 230620s1984 ge ||||| |||| 00| 0 geo d | ||
| 041 | _ageo | ||
| 080 | _a913(479.22)(036) ი-40 | ||
| 100 |
_aითონიშვილი, ვალერიან _94614 |
||
| 245 |
_aხევი : _bგზამკვლევი / _hვალერიან ითონიშვილი; რედ. მ. ერისთავი |
||
| 264 |
_aთბილისი : _bსაბჭ. საქართველო, _c1984. |
||
| 300 |
_a31 გვ. : _bილ. ; _c20 სმ. |
||
| 653 | _aხევის მეგზურები | ||
| 700 |
_aერისთავი, მ. _eრედაქტორი _916412 |
||
| 942 |
_2udc _cBK |
||